000 00856cab a2200265 4500
001 ABS56478
008 090401t1997 xxu||||| |||| 00| 0 eng d
035 _a(Sirsi) u23942
041 _aeng
100 _aHerington, J.
245 _aNew town revival
260 _c1997
350 _a0
490 _aEstates Gazette
_v(9704) 25 January 1997, 62-63(2)
520 _aExplains that with increasing demand for new housing developments, the idea of new settlements is being considered as a growing opportunity. Analyses development trends and changing government guidance to developers.
650 _aDEVELOPMENT PLANS
650 _aHOUSE BUILDING
650 _aHOUSING POLICY
650 _aNEW SETTLEMENTS
650 _aNEW TOWNS
650 _aSUSTAINABLE DEVELOPMENT
690 _aHOUSING-DEVELOPMENT
942 _n0
948 _c04/03/1997
999 _c16030
_d16030